000 00853nam a22002657a 4500
999 _c133386
_d133386
003 dpl
005 20181122133401.0
008 181122b ||||| |||| 00| 0 eng d
010 _aB-118664, B-118698
020 _c175.00
_a817478165
035 _aB-118664
037 _bCen Lib/Ret
040 _aDPL
_bEN
_c0
082 _a005
_bSAD
100 _aSadasivam, N.
_937799
245 _aComputer Science :
_cby N. Sadasivam;S. GovindaRaju [and] S. Luther Martin King
_bdescriptive type /
260 _aChennai
_bSura Books
270 _a1620, J-Block 16th Main Road Anna Nagar
_bChennai
_e600040
300 _aviii,302p.
_c23cm(Hb)
650 _aComputer science
_937800
650 _aComputer programming
_91122
700 _aGovindaRaju, S.
_937801
700 _a King, S. Luther Martin
_937802
942 _2ddc
_cEN
_h005
_mSAD